| 000 | 00447nam a2200169Ia 4500 | ||
|---|---|---|---|
| 008 | 230917s9999||||xx |||||||||||||| ||und|| | ||
| 020 | _cRs695 | ||
| 040 |
_e257370 _aMAIN |
||
| 041 | _aEnglish | ||
| 082 | _a346.022 P273C | ||
| 100 | _aPathak, Akhileshwar | ||
| 245 | 0 | _aContract law | |
| 260 |
_aNew Delhi _bOxford University Press _c2011 |
||
| 300 | _aviii, 407 p. | ||
| 500 | _a3582 13/08/2019 HBD19/7985 03/11/19 Main Budget | ||
| 942 | _cBK | ||
| 999 |
_c32457 _d32457 |
||